Occupying syria under the french mandate Insurgency ,space and state formation

সংরক্ষণ করুন:
গ্রন্থ-পঞ্জীর বিবরন
প্রধান লেখক: NEEP,Daniel
বিন্যাস: গ্রন্থ
ভাষা:ইংরেজি
প্রকাশিত: Cambridge university press. 2014.
ট্যাগগুলো: ট্যাগ যুক্ত করুন
কোনো ট্যাগ নেই, প্রথমজন হিসাবে ট্যাগ করুন!

MARC

LEADER 00000nam a22000007a 4500
008 210908b ||||| |||| 00| 0 eng d
020 |a 9781107435919 
100 |a NEEP,Daniel 
245 |a Occupying syria under the french mandate  |b Insurgency ,space and state formation  |c Daniel , Neep  |g xiii, 229p.ill. 
260 |b Cambridge university press.  |c 2014.  |d Book.  |h New York  |i 697006  |i 697007  |l DS 98. N28  |m Mandates-Syria  |m Insurgency-Syria-History -20th century  |m Power (social sciences)- syria- History-20th century  |m Political violence- syria-History-20th century  |m Social control- syria-History-20th century  |m Syria- History-french occupation, 1918-1946. 
500 |a 'It includes index" 
942 |a lcc  |c BK  |e Olagoke, M.A.  |f 09/09/2021 
952 |0 0  |1 0  |2 lcc  |4 0  |7 0  |9 3467  |a HOL  |b ART  |c AF  |d 2021-09-08  |o  DS 98.N28  |p 2021-67188  |r 2021-09-08 00:00:00  |t 697007  |w 2021-09-08  |y BK 
952 |0 0  |1 0  |2 lcc  |4 0  |7 0  |9 3468  |a HOL  |b HOL  |c AF  |d 2021-09-08  |o  DS 98.N28  |p 2021-67189  |r 2021-09-08 00:00:00  |t 697006  |w 2021-09-08  |y BK 
999 |c 1726  |d 1726